Frozen Fast Food Quiz Stats

 Plays Quiz Updated Nov 30, 2019

Score 0/10 Timer 01:30
55 Plays Today
Question Answer Wrong Answers
McFlurry McDonalds
96.2%
Arby's
0.3%
Dairy Queen
1.2%
Starbucks
0.4%
Frappuccino Starbucks
90.2%
Cold Stone
0.5%
Dunkin Donuts
2.8%
McDonalds
4.4%
Blizzard Dairy Queen
87.1%
Wendy's
4.5%
Friendly's
1.7%
Sonic
4.4%
Hot Stone Cold Stone
85.5%
Wendy's
2.7%
Friendly's
5.4%
Sonic
3.8%
Blast Sonic
83.5%
Arby's
4.6%
Dunkin Donuts
5%
Tim Hortons
4.4%
Frosty Wendy's
83.3%
McDonalds
2.7%
Cold Stone
2.6%
Dairy Queen
9%
Fribble Friendly's
73.1%
Cold Stone
7.3%
McDonalds
1.5%
Tim Hortons
15.1%
Coolatta Dunkin Donuts
66.3%
Tim Hortons
11%
Starbucks
9.9%
Sonic
9.9%
Iced Capp Tim Hortons
59.5%
Starbucks
15.7%
Dunkin Donuts
16.2%
Arby's
6%
Jamocha Shake Arby's
56.5%
Friendly's
18.3%
Dairy Queen
17%
Wendy's
5.6%

You're not logged in!

Compare scores with friends on all Sporcle quizzes.
OR
Log In

Sporcle TV

Today on Sporcle TV


Watch our educational content, quiz creation guides, and fun videos on Sporcle TV.

Show Comments

Extras

Top Quizzes Today


Score Distribution

Your Account Isn't Verified!

In order to create a playlist on Sporcle, you need to verify the email address you used during registration. Go to your Sporcle Settings to finish the process.

Report this User

Report this user for behavior that violates our Community Guidelines.

Details: